000
00286nam a22001337a 4500
008
170904b xxu||||| |||| 00| 0 eng d
020
_a
9780802806321
041
_a
eng
080
_a
070
100
_a
40
101
_a
MED
245
_a
DIETRICH BONHOEFFER
_c
WUND.R
942
_2
udc
_c
BK
999
_c
26010
_d
26010